000 01046nam a22003137a 4500
001 BR2012001082
003 BR-BrBNA
005 20230928103852.0
007 ta
008 230509b bl.||||| |||| 00| 0 por d
040 _aBR-BrBNA
_bpor
_cBiblioteca Nacional de Agricultura
041 _a(Por)
072 _aQ52; L73
_b6100
090 _ 6100 BR2012001082
100 1 _aResende, F.M.S.
110 1 _aUniversidade Federal de Minas Gerais, Belo Horizonte (Brasil). Escola de Veterinária
_0Tese (Mestre em Ciência Animal)
245 1 _aAnálises físico-químicas e verucidas da fermentação com cobertura e sem amontoamento da cama de aves
260 3 _aBelo Horizonte, MG (Brasil):
_c2010.
300 _a49 p.
500 _aSummaries (Eng, Por); Bibliography p. 45-49; 9 tables; 11 illus.
650 _aFRANGO DE CORTE
650 _aCAMA DE GALINHEIRO
650 _aPROPRIEDADE FÍSICO-QUÍMICA
650 _aFERMENTAÇÃO
650 _aPH
650 _aNEWCASTLE
909 _a202309
_bLucia
_c55
_dLucia Elande
942 _cBK
999 _c77003
_d77003